Zmeny v oblasti plánovania vplyvom štvrtej priemyselnej revolúcie bakalárska práca

Salvato in:
Dettagli Bibliografici
Autore principale: Bérešová, Michaela
Ente Autore: Fakulta podnikového manažmentu EU. Katedra manažmentu
Altri autori: Puhovichová, Diana, 1994-
Natura: Libro
Lingua:slovacco
Pubblicazione: Bratislava 2021
Tags: Aggiungi Tag
Nessun Tag, puoi essere il primo ad aggiungerne!!

MARC

LEADER 00000nbm a2200000 4500
001 0275714
005 20211108114411.4
041 0 |a slo 
044 |a SK 
245 1 0 |a Zmeny v oblasti plánovania vplyvom štvrtej priemyselnej revolúcie  |b bakalárska práca  |c Michaela Bérešová ; školiteľ: Diana Puhovichová 
264 1 |a Bratislava  |c 2021 
300 |a 58 s. 
100 1 |a Bérešová, Michaela 
700 1 |a Puhovichová, Diana, 1994- 
710 2 |a Fakulta podnikového manažmentu EU. Katedra manažmentu